000 00623nam a22002177a 4500
005 20170124105944.0
010 _aA-952496
020 _c00.00
035 _aA-952496
037 _bCen Lib/Ret
040 _aDPL
_bEN
082 _a260.42
_bSHA
100 _aSharma,M.L.
_962746
245 _aDivine communion :
_cby M.L.Sharma
_bsiri guru nanak dev ji siri jap ji sahib /
260 _aLudhiana
_bRajindra publications
_c1997
270 _aLudhiana
_bLudhiana
300 _a90p.
_c20cm(Hb)
650 _a Meditations.
_962747
650 _aHymns, English
_962748
942 _2ddc
_cEN
_h260.42
_mSHA
999 _c124786
_d124786